| 000 | 01160cam a22003375a 4500 | ||
|---|---|---|---|
| 001 | 1035856 | ||
| 005 | 20161024111729.0 | ||
| 008 | 890905t1990 nyua frb 001 0 eng d | ||
| 020 | _a9780070170476 | ||
| 020 | _a0070170479 | ||
| 040 |
_aDLC _cDLC _dDLC _dEG-ScBUE _beng |
||
| 082 | 0 | 4 |
_a629.83 _222 _bDIS |
| 100 | 1 |
_aDiStefano, Joseph J., _934979 _cIII |
|
| 245 | 1 | 0 |
_aSchaum's outline of theory and problems of feedback and control systems / _cJoseph J. DiStefano, Allen R. Stubberud, Ivan J. Williams. |
| 246 | 3 | 0 | _aTheory and problems of feedback and control systems |
| 246 | 1 | 8 | _aFeedback and control systems |
| 250 | _a2nd ed. | ||
| 260 |
_aNew York : _bMcGraw-Hill, _cc.1990. |
||
| 300 |
_a496 p. : _bill. ; _c28 cm. |
||
| 490 | 0 | _aSchaum's outline series. | |
| 500 | _a"Continuous (analog) and discrete (digital)." | ||
| 500 | _aIndex : p. 491-496. | ||
| 504 | _aBibliography : p. 489. | ||
| 650 | 7 |
_aFeedback control systems. _2BUEsh _919100 |
|
| 650 | 7 |
_aControl theory. _2BUEsh _93461 |
|
| 651 | _2BUEsh | ||
| 653 |
_bENGGEN _cOctober2016 |
||
| 700 | 1 |
_aStubberud, Allen R. _919129 |
|
| 700 | 1 |
_aWilliams, Ivan J. _919130 |
|
| 942 | _2ddc | ||
| 999 |
_c22818 _d22790 |
||